Normal view
MARC view
- Hirra Anwar
Entry Personal Name
001 - CONTROL NUMBER
- control field: 106776
003 - CONTROL NUMBER IDENTIFIER
- control field: NUST
005 - DATE AND TIME OF LATEST TRANSACTION
- control field: 20230106150522.0
008 - FIXED-LENGTH DATA ELEMENTS
- fixed length control field: 230106|| aca||aabn | a|a d
040 ## - CATALOGING SOURCE
- Original cataloging agency: NUST
- Transcribing agency: NUST
100 ## - HEADING--PERSONAL NAME
- Personal name: Hirra Anwar
670 ## - SOURCE DATA FOUND
- Source citation: Work cat.: (NUST)12276: Hira Anwar 106775, Secure access control system for digital repositories-DSpace as a case study
